| 000 | 00407nam a2200157Ia 4500 | ||
|---|---|---|---|
| 005 | 20240823064504.0 | ||
| 008 | 240823s9999||||xx |||||||||||||| ||und|| | ||
| 082 | _A658.404 P7 | ||
| 100 | _a"Clements,James P" | ||
| 245 | 0 | _aEffective Project Management | |
| 260 |
_c2007 _b"Thompson,Aust" |
||
| 500 | _aYES | ||
| 650 |
_aProject Management _bManagement Studies |
||
| 700 | _a" Gido,jack" | ||
| 942 | _cNB | ||
| 999 |
_c240837 _d240837 |
||